[Event "SLO-chT"]
[Site "?"]
[Date "1994.??.??"]
[Round "?"]
[White "Mohr, Georg"]
[Black "Jeric, Simon"]
[Result "1/2-1/2"]
[WhiteElo "2420"]
[BlackElo "2365"]

1.Nf3 Nf6 2.c4 c5 3.Nc3 b6 4.g3 Bb7 5.Bg2 e6 6.O-O Be7 7.d4 cxd4 8.Qxd4 O-O
9.Rd1 Nc6 10.Qf4 Rc8 11.b3 a6 12.Bb2 Qc7 13.Qxc7 Rxc7 14.Rac1 Na7 15.Na4 Nc8
16.Nc3 Rd8 17.Rd3 Kf8 18.Rcd1  1/2-1/2

[Event "Stockholm op2"]
[Site "Stockholm"]
[Date "1994.??.??"]
[Round "7"]
[White "Hansen, Curt"]
[Black "Nielsen, Peter Heine"]
[Result "1-0"]
[WhiteElo "2580"]
[BlackElo "2475"]

1.c4 Nf6 2.Nc3 c5 3.Nf3 e6 4.g3 d5 5.cxd5 Nxd5 6.Bg2 Be7 7.O-O O-O 8.d4 Nc6
9.Nxd5 exd5 10.dxc5 Bxc5 11.Bg5 Qb6 12.Rc1 d4 13.Nd2 Re8 14.Nc4 Qa6 15.a3 Bf5
16.Re1 Be4 17.Bxe4 Rxe4 18.Nd2 Re5 19.Nf3 Rf5 20.g4 Rxf3 21.Rxc5 Rh3 22.Kg2  1-0

[Event "EUCup Gr2"]
[Site "Strasbourg"]
[Date "1994.??.??"]
[Round "?"]
[White "De Boer, Gert Jan"]
[Black "Santos, Luis"]
[Result "1/2-1/2"]
[WhiteElo "2435"]
[BlackElo "2380"]

1.c4 c5 2.Nf3 Nf6 3.Nc3 d5 4.cxd5 Nxd5 5.g3 Nc6 6.Bg2 Nc7 7.O-O g6 8.d3 Bg7
9.Be3 b6 10.a3 O-O 11.Qd2 Nd4 12.Rab1 Bb7 13.Nh4 Bxg2 14.Nxg2 a5 15.Bh6 a4
16.Bxg7 Kxg7 17.Nh4 Qd7 18.e3 Nb3 19.Qc2 e5  1/2-1/2

[Event "SVK-chT"]
[Site "?"]
[Date "1994.??.??"]
[Round "12"]
[White "Havlicek, Libor"]
[Black "Plachetka, Tomas"]
[Result "0-1"]
[WhiteElo "2125"]
[BlackElo "2230"]

1.Nf3 c5 2.c4 Nf6 3.Nc3 e6 4.g3 b6 5.Bg2 Bb7 6.O-O a6 7.Re1 d6 8.b3 Nbd7
9.Bb2 Be7 10.d4 cxd4 11.Qxd4 Qc7 12.Rad1 Rd8 13.e4 O-O 14.Re2 Bc6 15.Nd5 Bxd5
16.exd5 e5 17.Qd2 Rfe8 18.Rde1 Bf8 19.Bh3 b5 20.Rc1 bxc4 21.bxc4 Rb8 22.Ree1 Nc5
23.Bf1 Qa7 24.Ba1 Rb7 25.Qc2 Be7 26.Kg2 Reb8 27.Nh4 g6 28.Nf3 Bf8 29.Bc3 Bg7
30.Rcd1 Rb6 31.Nd2 Qd7 32.Rb1 Qa4 33.Qxa4 Nxa4 34.Rxb6 Rxb6 35.Ba1 Nd7 36.Bd3 f5
37.Bc2 Nac5 38.Nb3 Kf7 39.Nxc5 Nxc5 40.Bc3 Rb7 41.f3 e4 42.Bxg7 Kxg7 43.Rb1 Rxb1
44.Bxb1 exf3+ 45.Kxf3 Kf6 46.Ke3 Ke5 47.Bc2 g5 48.Bd1 h6 49.Be2 Ne4 50.Bd3 Nc3
51.a3 Na4 52.Be2 Nc5 53.Bf1 Nb3 54.Bg2 a5 55.Bf1 f4+ 56.gxf4+ gxf4+ 57.Kd3 Nc5+
58.Ke2 Ne4 59.Kd3 Nf2+ 60.Ke2 Ng4 61.h3 Ne3 62.Kf2 Nxf1 63.Kxf1 Kd4 64.c5 Kxc5  0-1

[Event "SWZ-chT"]
[Site "SWZ"]
[Date "1994.??.??"]
[Round "2"]
[White "Goldstern, Flip"]
[Black "Milosevic, Goran"]
[Result "1/2-1/2"]
[WhiteElo "2360"]
[BlackElo "2395"]

1.c4 Nf6 2.Nc3 c5 3.Nf3 g6 4.d4 cxd4 5.Nxd4 Nc6 6.e4 d6 7.Be2 Bg7 8.Be3 O-O
9.O-O a6 10.Qd2 Ng4 11.Bxg4 Bxg4 12.Nxc6 bxc6 13.f3 Be6 14.b3 a5 15.Rac1 Re8
16.Bd4 Bxd4+ 17.Qxd4 Rb8 18.f4 Qb6 19.Qxb6 Rxb6 20.Rfd1 c5 21.e5 dxe5 22.fxe5 Rc8
23.Kf2 Rb7 24.Rd2 Kg7 25.Rcd1 Rbb8 26.Rd3 h5 27.R1d2  1/2-1/2

[Event "SWZ-chT"]
[Site "SWZ"]
[Date "1994.??.??"]
[Round "6"]
[White "Zueger, Beat"]
[Black "Ballmann, Martin"]
[Result "1/2-1/2"]
[WhiteElo "2420"]
[BlackElo "2330"]

1.Nf3 c5 2.c4 b6 3.Nc3 Nf6 4.e4 d6 5.d4 cxd4 6.Nxd4 Bb7 7.Qe2 Nbd7 8.g3 g6
9.Bg2 Bg7 10.O-O O-O 11.Rd1 Re8 12.f4 Nc5 13.e5 Nfd7 14.b4 Bxg2 15.Qxg2 Ne6
16.Nxe6 fxe6 17.Bb2 Qc8 18.exd6 Qxc4 19.dxe7 Bxc3 20.Rac1 Nf6 21.Rxc3 Qxb4  1/2-1/2

[Event "Terrassa op"]
[Site "Terrassa"]
[Date "1994.??.??"]
[Round "4"]
[White "Mellado Trivino, Juan"]
[Black "Bordell Rosell, Roman"]
[Result "1-0"]
[WhiteElo "2400"]
[BlackElo "2255"]

1.c4 c5 2.Nc3 Nf6 3.Nf3 d5 4.cxd5 Nxd5 5.e4 Nc7 6.d4 cxd4 7.Qxd4 Qxd4 8.Nxd4 a6
9.Bf4 Ne6 10.Nxe6 fxe6 11.Rc1 Bd7 12.Be2 g6 13.O-O Bg7 14.Rfd1 Nc6 15.Be3 Nd8
16.Bc4 Rc8 17.Bb3 b5 18.a3 Rf8 19.Rc2 Nc6 20.Rcd2 Rc7 21.Ba2 Bc8 22.f3 Rd7
23.Kf2 Rxd2+ 24.Rxd2 Kf7 25.Bb6 Bh6 26.Rd1 Ne5 27.Ke2 Nc4 28.Bxc4 bxc4 29.Rd4 Bc1
30.Na4 Bf4 31.g3 Be5 32.Rxc4 Bd7 33.Ke3 Rb8 34.Bd4 Rb3+ 35.Nc3 Bxd4+ 36.Rxd4 Bc6
37.Rb4 Rxb4 38.axb4 e5 39.Nd5 Bb5 40.h4 h6 41.f4 exf4+ 42.gxf4 e6 43.Nb6 Ke7
44.e5 Kd8 45.Kd4 Kc7 46.Kc5 Be2 47.Na4 Bf1 48.Nc3 Bd3 49.b5 axb5 50.Nxb5+ Kd7
51.b4 Bf1 52.Kb6 Bg2 53.Nd4 Bd5 54.b5 Kd8 55.Ka7 Kd7 56.b6 Kc8  1-0

[Event "Tiraspol"]
[Site "Tiraspol"]
[Date "1994.??.??"]
[Round "8"]
[White "Razuvaev, Yuri S"]
[Black "Arbakov, Valentin"]
[Result "1-0"]
[WhiteElo "2555"]
[BlackElo "2575"]

1.Nf3 Nf6 2.c4 c5 3.Nc3 d5 4.cxd5 Nxd5 5.e3 Nc6 6.d4 cxd4 7.exd4 g6 8.Qb3 Nxc3
9.Bc4 e6 10.bxc3 Na5 11.Bb5+ Bd7 12.Qa4 Nc6 13.Qb3 Bd6 14.Bh6 Qc7 15.O-O a6
16.Be2 Na5 17.Qb2 b5 18.Rfe1 Rc8 19.d5 Rg8 20.dxe6 Bxe6 21.a4 Nc4 22.Bxc4 bxc4
23.Rad1 g5 24.Qc2 Rg6 25.Bxg5 Qc6 26.h4 Qc5 27.h5 Rg7 28.Bf6 Kf8 29.Qd2 Be7
30.Bxg7+ Kxg7 31.Re5 Qc7 32.h6+ Kh8 33.Rxe6 fxe6 34.Qd4+ e5 35.Nxe5 Bf6 36.Ng6+ hxg6
37.Qxf6+ Kh7 38.Re1  1-0

[Event "Valby"]
[Site "Valby"]
[Date "1994.??.??"]
[Round "1"]
[White "Petursson, Margeir"]
[Black "Nielsen, Peter Heine"]
[Result "1-0"]
[WhiteElo "2550"]
[BlackElo "2475"]

1.c4 Nf6 2.Nc3 c5 3.Nf3 e6 4.g3 d5 5.cxd5 Nxd5 6.Bg2 Nc6 7.O-O Be7 8.d4 O-O
9.Nxd5 exd5 10.dxc5 Bxc5 11.Bg5 Qb6 12.Ne1 h6 13.Bd2 Be6 14.Nd3 Bd6 15.Qa4 Rfd8
16.Rac1 Rac8 17.Rfe1 d4 18.b4 Ne5 19.Nxe5 Bxe5 20.b5 Rxc1 21.Rxc1 Rc8 22.Rxc8+ Bxc8
23.Qc4 Qc7 24.Bd5 Qxc4 25.Bxc4 g5 26.Bb4 Kg7 27.Bc5 b6 28.Be7 Kg6 29.Kf1 Be6
30.Bxe6 fxe6 31.h3 Kf5 32.g4+ Ke4 33.Bf8 Bf6 34.Bxh6 Be7 35.Ke1 e5 36.Kd2 Kd5
37.f3 Bd8 38.Kd3 Be7 39.Bg7 Bd8 40.Bf8 Bf6 41.Bb4 Bd8 42.Ba3 Bf6 43.Bf8 Bd8
44.Kd2 Bf6 45.Bh6 Be7 46.Ke1 Bd8 47.Kf2 Be7 48.Kg2 Bd8 49.h4 gxh4 50.g5 e4
51.g6 exf3+ 52.Kxf3 Bf6 53.Kg4 Ke6 54.Bf8 h3 55.Kxh3 Kf5 56.Bd6 Kxg6 57.Kg4 Bd8
58.Be5 Bg5 59.Bb8 Bd8 60.Be5 Bg5 61.Bxd4 Bh6 62.Be5 Bd2 63.Bb8 Kf6 64.Bxa7 Ba5
65.Kf4 Ke6 66.a4 Kd5 67.Kf5 Kc5 68.Ke6 Bd2 69.Kd7 Bf4 70.Kc8  1-0

[Event "Vladivostok"]
[Site "Vladivostok"]
[Date "1994.??.??"]
[Round "3"]
[White "Ivanov, Mikhail M"]
[Black "Nenashev, Alexander"]
[Result "1/2-1/2"]
[WhiteElo "2475"]
[BlackElo "2575"]

1.c4 c5 2.Nf3 Nf6 3.Nc3 e6 4.g3 d5 5.cxd5 exd5 6.d4 Nc6 7.Bg2 Be7 8.O-O O-O
9.dxc5 Bxc5 10.b3 Re8 11.Bb2 Bg4 12.Rc1 d4 13.Na4 Bf8 14.h3 Bxf3 15.Bxf3 Ne4
16.Qd3 Nb4 17.Qxd4 Qxd4 18.Bxd4 Nd2 19.Rfd1 Nxf3+ 20.exf3 Nxa2 21.Rc7 b5
22.Nc5 Rec8 23.Rxc8 Rxc8 24.Nd7 a5 25.Nxf8 Kxf8 26.Be3 Nc3 27.Rc1 a4 28.bxa4 b4
29.Bd2 Ke7  1/2-1/2

[Event "Vladivostok"]
[Site "Vladivostok"]
[Date "1994.??.??"]
[Round "8"]
[White "Balashov, Yuri S"]
[Black "Kaiumov, Dmitry D"]
[Result "1-0"]
[WhiteElo "2505"]
[BlackElo "2425"]

1.Nf3 Nf6 2.c4 e6 3.Nc3 c5 4.g3 Nc6 5.Bg2 d5 6.cxd5 Nxd5 7.O-O Be7 8.b3 Nxc3
9.dxc3 Qxd1 10.Rxd1 Bd7 11.Ng5 Rd8 12.Be3 f6 13.Bxc6 bxc6 14.Ne4 f5 15.Nxc5 Bxc5
16.Bxc5 a6 17.Rd6 Rf8 18.Rad1 Rf7 19.f4 Rb8 20.R1d4 Rb5 21.b4 Rb8 22.a4 h6
23.h4 h5 24.Kf2 Ra8 25.a5 Rc8 26.c4 Rc7 27.Rd3 Rc8 28.Re3 Ra8 29.Re5 Rf6
30.Ke1 Rf7 31.b5 cxb5 32.cxb5 axb5 33.Bb4 Bc8 34.Rxb5 Rc7 35.Rbb6 Rc4 36.Kd2 Kf7
37.Rd8 Ra7 38.Bc3 Rac7 39.Be5 R7c5 40.a6 Rc2+ 41.Ke3 Ra2 42.Rb7+ Bxb7 43.axb7  1-0

[Event "Wattens op"]
[Site "Wattens"]
[Date "1994.??.??"]
[Round "9"]
[White "Lazar, Dorin"]
[Black "Wachinger, Guenther"]
[Result "0-1"]
[WhiteElo "2210"]
[BlackElo "2300"]

1.c4 c5 2.Nf3 Nf6 3.Nc3 e6 4.e4 Nc6 5.Bd3 d6 6.Bc2 e5 7.h3 g6 8.Nd5 Bg7 9.d3 h6
10.Ba4 O-O 11.Bd2 Nxd5 12.cxd5 Ne7 13.Qe2 f5 14.O-O g5 15.Kh2 Ng6 16.g3 fxe4
17.dxe4 a6 18.g4 b5 19.Bc2 Ra7 20.Ne1 Raf7 21.Ng2 Rf3 22.Ne3 Rxh3+  0-1

[Event "Wiesbaden op"]
[Site "Wiesbaden"]
[Date "1994.??.??"]
[Round "2"]
[White "Blum, Gernot"]
[Black "Berndt, Axel"]
[Result "0-1"]
[WhiteElo "2200"]
[BlackElo "2240"]

1.c4 Nf6 2.Nf3 c5 3.Nc3 b6 4.e4 d6 5.d4 cxd4 6.Nxd4 Bb7 7.Bd3 a6 8.Bg5 Nbd7
9.O-O e6 10.Qe1 Be7 11.Rd1 Qc7 12.Kh1 Ne5 13.Bb1 Nxc4 14.Rc1 Qd8 15.f4 b5
16.Nf3 h6 17.Bxf6 Bxf6 18.e5 Be7 19.exd6 Nxd6 20.Ne4 Nxe4 21.Bxe4 Bxe4 22.Qxe4 O-O
23.Rfd1 Qa5 24.Ne5 Rac8 25.Nc6 Qc7 26.f5 Bg5 27.Rc3 exf5 28.Qxf5 Rce8 29.g3 Bf6
30.Rc2 Qb6 31.h4 Bxb2 32.Kh2 Bf6 33.Rd7 a5 34.Rd6 Qe3 35.Rd3 Qe1 36.Qxb5 Re2+
37.Rxe2 Qxe2+ 38.Kh3 Qf1+ 39.Kh2 Qf2+ 40.Kh3 a4 41.Ra3  0-1

[Event "CAN-op"]
[Site "Winnipeg"]
[Date "1994.??.??"]
[Round "7"]
[White "Arnason, Jon L"]
[Black "Basanta, Gary"]
[Result "1-0"]
[WhiteElo "2520"]
[BlackElo "2380"]

1.Nf3 c5 2.c4 Nf6 3.Nc3 e6 4.g3 b6 5.Bg2 Bb7 6.O-O Be7 7.Re1 a6 8.e4 d6 9.d4 cxd4
10.Nxd4 Qc7 11.Be3 Nbd7 12.Rc1 O-O 13.b3 Nc5 14.f3 Rfe8 15.Rc2 Rac8 16.Bc1 Qb8
17.Bb2 Bd8 18.Rd2 Bc7 19.Nc2 Ba8 20.Qe2 Ncd7 21.f4 Nc5 22.b4 Ncd7 23.g4 Nf8
24.g5 N6d7 25.Ne3 Ng6 26.Rf1 d5 27.e5 Ndf8 28.cxd5 Nxf4 29.Rxf4 Bxe5 30.Rc4 exd5
31.Rxc8 Qxc8 32.Ncd1 Ng6 33.Qg4 Qb8 34.Bxe5 Qxe5 35.Bxd5 Bxd5 36.Rxd5 Qa1
37.Qd4 Qxa2 38.Rd8 Qe6 39.Rxe8+ Qxe8 40.Qxb6 Qa8 41.Qd4 Qb8 42.Nf5 Ne5 43.Qd5 g6
44.Nh6+ Kg7 45.Ne3 f6 46.gxf6+ Kxh6 47.Qxe5 Qxb4 48.f7 Qe1+ 49.Kg2 Qe2+ 50.Kg3 Qe1+
51.Kh3  1-0

[Event "Wrexham"]
[Site "Wrexham"]
[Date "1994.??.??"]
[Round "?"]
[White "Rayner, Francis"]
[Black "Dive, Russell John"]
[Result "1/2-1/2"]
[WhiteElo "2285"]
[BlackElo "2315"]

1.c4 c5 2.Nf3 Nf6 3.Nc3 d5 4.cxd5 Nxd5 5.e4 Nb4 6.Bb5+ N4c6 7.d4 cxd4 8.Qxd4 Qxd4
9.Nxd4 e5 10.Nxc6 Nxc6 11.Nd5  1/2-1/2

[Event "Wuerzburg op"]
[Site "Wuerzburg"]
[Date "1994.??.??"]
[Round "5"]
[White "Panchenko, Alexander N"]
[Black "Arbakov, Valentin"]
[Result "1/2-1/2"]
[WhiteElo "2480"]
[BlackElo "2575"]

1.Nf3 Nf6 2.c4 c5 3.Nc3 d5 4.cxd5 Nxd5 5.d4 Nxc3 6.bxc3 g6 7.g3 Bg7 8.Bg2 Nc6
9.e3 O-O 10.O-O Qa5 11.Bb2 Rd8 12.Nd2 Qc7 13.Qe2 Rb8 14.Nb3 b6 15.Rac1 Bb7
16.d5 Na5 17.Nxa5 bxa5 18.Rfd1 e6 19.dxe6 Rxd1+ 20.Rxd1 Bxg2 21.Kxg2 Qc6+
22.e4 Qxe6 23.Ba3 c4 24.Rd6 Qe8 25.Bc5 Bxc3 26.Qxc4 Bb4 27.Bxb4 Rxb4 28.Qc5 Qxe4+
29.Kh3 Qg4+ 30.Kg2 Qe4+ 31.Kh3 h5 32.Qxa5 Qg4+ 33.Kg2 Qe4+ 34.Kh3 Qc4 35.Qd5 Qxd5
36.Rxd5 Rb2 37.f4 Rxa2 38.f5 Kg7 39.fxg6 fxg6 40.g4 Ra3+ 41.Kh4 Ra4 42.h3 Kh6
43.Rc5 a5 44.Rb5 hxg4 45.hxg4 Ra1 46.g5+ Kg7 47.Rb7+ Kf8 48.Rb6 Kf7 49.Rf6+ Kg7
50.Ra6 a4 51.Kh3 a3 52.Kg2 Ra2+ 53.Kg3 Ra1 54.Kg2 a2 55.Ra7+ Kf8 56.Ra8+ Ke7
57.Ra6 Kd7 58.Kh2 Kc7 59.Kg2 Kb7 60.Ra3 Kb6 61.Kh2 Kc5 62.Ra8 Kd4 63.Kg2 Ke4
64.Kh2 Kf3 65.Ra4  1/2-1/2

[Event "Wuerzburg op"]
[Site "Wuerzburg"]
[Date "1994.??.??"]
[Round "7"]
[White "Schmidt, Wlodzimierz"]
[Black "Arbakov, Valentin"]
[Result "0-1"]
[WhiteElo "2435"]
[BlackElo "2575"]

1.Nf3 Nf6 2.c4 e6 3.Nc3 c5 4.g3 b6 5.Bg2 Bb7 6.O-O Be7 7.d4 cxd4 8.Qxd4 d6
9.b3 O-O 10.Rd1 Nbd7 11.e4 Qb8 12.Bb2 a6 13.Qe3 Rc8 14.Nd4 Ra7 15.Qe2 Ba8
16.h3 Rac7 17.Rac1 Bb7 18.f4 Bf8 19.Kh2 g6 20.Rf1 Bg7 21.Rcd1 Qa8 22.Qe3 Re8
23.Rfe1 e5 24.fxe5 Nxe5 25.Qd2 Rce7 26.Nd5 Bxd5 27.exd5 h5 28.Kh1 Kh7 29.Nc6 Nxc6
30.dxc6 Ne4 31.Rxe4 Rxe4 32.Bxg7 Kxg7 33.c7 Qc8 34.Qxd6 R4e6 35.Qd4+ Kg8
36.Qd8 Re1+ 37.Rxe1 Rxd8 38.cxd8=Q+ Qxd8 39.Bd5 Kg7 40.a4 Qg5 41.Rf1 f5 42.Rf3 h4
43.gxh4 Qxh4 44.Kg2 Qd4 45.Kf1 Qd2 46.Bb7 a5 47.Bc8 Qd1+ 48.Kf2 Qc2+ 49.Kg1 Qe4
50.Kf2 Kf6 51.Ba6 Kg5 52.Bc8 Kh4 53.Re3 Qc6 54.Be6 f4 55.Re2 Qh1 56.Bg4 Qh2+
57.Kf3 Qg3+ 58.Ke4 g5  0-1

[Event "Zalakaros op"]
[Site "Zalakaros"]
[Date "1994.??.??"]
[Round "5"]
[White "Szirmai, Eduard"]
[Black "Richter, Gerald"]
[Result "1-0"]
[WhiteElo "2230"]
[BlackElo "2205"]

1.c4 c5 2.Nf3 Nf6 3.Nc3 g6 4.e4 d6 5.d4 cxd4 6.Nxd4 Bg7 7.Be2 O-O 8.O-O Bd7
9.Be3 Nc6 10.Qd2 Rc8 11.f3 b6 12.Rfd1 Qc7 13.Rac1 Rfd8 14.Nd5 Qb7 15.Nxc6 Bxc6
16.Nc3 Ne8 17.Bd4 Bxd4+ 18.Qxd4 Ng7 19.Qe3 f6 20.f4 Be8 21.Nd5 Bf7 22.Bf3 Bxd5
23.Rxd5 Qa6 24.Qb3 Rc5 25.e5 Rxd5 26.Bxd5+ Kh8 27.exf6 exf6 28.Qc3 Rf8 29.a3 Qc8
30.b4 Nf5 31.Re1 Qd8 32.Re2 Ng7 33.Bc6 Rf7 34.Qe1 h6 35.Be8  1-0

[Event "Ibercaja op"]
[Site "Zaragoza"]
[Date "1994.??.??"]
[Round "6"]
[White "Franco Ocampo, Zenon"]
[Black "Ulibin, Mikhail"]
[Result "1-0"]
[WhiteElo "2475"]
[BlackElo "2515"]

1.Nf3 c5 2.c4 Nf6 3.Nc3 e6 4.e3 d5 5.d4 Nc6 6.cxd5 exd5 7.Be2 Bd6 8.Nb5 Be7
9.dxc5 Bxc5 10.O-O O-O 11.b3 a6 12.Nbd4 Ne4 13.Nxc6 bxc6 14.Bb2 Re8 15.Rc1 Qd6
16.Nd4 a5 17.Bg4 Bxg4 18.Qxg4 Bxd4 19.Bxd4 f6 20.Rfd1 a4 21.b4 a3 22.f3 Ng5
23.Bc5 Qe6 24.Qxe6+ Nxe6 25.Bd6 Ra6 26.Rd3 Rd8 27.Bg3 Kf7 28.Kf1 Ke7 29.Rcc3 Rda8
30.b5 cxb5 31.Rxd5 Rb6 32.Rb3 Rd8 33.Rxd8 Nxd8 34.Rxa3 Nc6 35.Ke2 b4 36.Rd3 Ra6
37.Rd2 Ra3 38.Bd6+ Ke6 39.Bf8 Ke5 40.e4 Ra6 41.Kd3 f5 42.Kc4 fxe4 43.Kb5 Nb8
44.Re2 Kf6 45.fxe4 Re6 46.Bc5 Re8 47.Bxb4 Nd7 48.Bc3+ Ne5 49.a4 Rb8+ 50.Kc5 Ra8
51.Bxe5+ Kxe5 52.Ra2 Rc8+ 53.Kb6 Kd6 54.Rd2+ Ke5 55.a5  1-0

[Event "Ibercaja op"]
[Site "Zaragoza"]
[Date "1994.??.??"]
[Round "7"]
[White "Pogorelov, Ruslan"]
[Black "Franco Ocampo, Zenon"]
[Result "1-0"]
[WhiteElo "2415"]
[BlackElo "2475"]

1.Nf3 c5 2.c4 Nf6 3.Nc3 d5 4.cxd5 Nxd5 5.d4 e6 6.e4 Nxc3 7.bxc3 cxd4 8.cxd4 Nc6
9.Bc4 b5 10.Be2 Bb4+ 11.Bd2 Qa5 12.a4 Bxd2+ 13.Qxd2 Qxd2+ 14.Kxd2 bxa4 15.Rxa4 Bd7
16.Rha1 Rb8 17.d5 exd5 18.exd5 Nb4 19.Rxa7 Nxd5 20.Ne5 Be6 21.Bc4 Ne7 22.Bxe6 fxe6
23.R1a6 O-O 24.Rxe7 Rxf2+ 25.Ke3 Rxg2 26.Kf3 Rxh2 27.Raa7 g6 28.Nd7 Rb3+
29.Ke4 Rh4+ 30.Ke5 Re3+ 31.Kd6 Rd4+ 32.Kc6 Rc3+ 33.Kb5 Rc8 34.Nf6+  1-0

[Event "Zuerich op"]
[Site "Zuerich"]
[Date "1994.??.??"]
[Round "?"]
[White "Wyss, Thomas"]
[Black "Sofrigin, Alexej"]
[Result "0-1"]
[WhiteElo "2215"]
[BlackElo "2265"]

1.Nf3 Nf6 2.c4 c5 3.Nc3 d5 4.cxd5 Nxd5 5.e4 Nb4 6.Bc4 Nd3+ 7.Ke2 Nxc1+ 8.Rxc1 Nc6
9.Qb3 e6 10.Rhd1 a6 11.a4 Be7 12.Kf1 O-O 13.Ne2 Bf6 14.d4 cxd4 15.e5 Nxe5
16.Rxd4 Qa5 17.Nxe5 Qxe5 18.f4 Qh5 19.Rd3 g6 20.Qb6 Qf5 21.Rf3 Qe4 22.f5 gxf5
23.Ng3 Qd4 24.Qb3 b5 25.Nxf5 exf5 26.Bxf7+ Rxf7 27.Rc7 Bd7 28.Rxf5 Rf8  0-1

[Event "Alma Ata"]
[Site "Alma Ata"]
[Date "1995.??.??"]
[Round "1"]
[White "Temirbaev, Serik"]
[Black "Kaiumov, Dmitry D"]
[Result "1/2-1/2"]
[WhiteElo "2490"]
[BlackElo "2435"]

1.c4 Nf6 2.Nc3 c5 3.Nf3 e6 4.g3 Nc6 5.Bg2 d5 6.cxd5 Nxd5 7.O-O Be7 8.d4 O-O
9.Nxd5 exd5 10.dxc5 Bxc5 11.Bg5 Qd7 12.Rc1 Bb6 13.Ne1 h6 14.Bf4 Rd8 15.Nd3 Qe7  1/2-1/2

[Event "Donner mem op"]
[Site "Amsterdam"]
[Date "1995.??.??"]
[Round "10"]
[White "De Boer, Gert Jan"]
[Black "Rytshagov, Mikhail"]
[Result "0-1"]
[WhiteElo "2425"]
[BlackElo "2475"]

1.Nf3 Nf6 2.c4 c5 3.Nc3 d5 4.cxd5 Nxd5 5.d4 Nxc3 6.bxc3 g6 7.e4 Bg7 8.Rb1 O-O
9.Be2 cxd4 10.cxd4 Qa5+ 11.Bd2 Qxa2 12.O-O b6 13.Qc1 Bb7 14.Bc4 Qa4 15.Bb5 Qa2
16.Bc4 Qa4 17.Bb5 Qa2 18.Re1 Rc8 19.Qd1 Qc2 20.Qe2 Nc6 21.Rec1 Qa2 22.Bc4 Nxd4
23.Nxd4 Rxc4 24.Qxc4 Qxd2 25.Rd1 Qf4 26.f3 Be5 27.g3 Qe3+ 28.Kg2 Rc8 29.Nc2 Qxf3+
30.Kxf3 Rxc4 31.Ne3 Rxe4 32.Kf2 Bd4 33.Rb3 a5 34.Rdd3 a4 35.Rb1 Ba6 36.Ra3 Bc5
37.Rc3 a3  0-1

[Event "Andorra op"]
[Site "Andorra"]
[Date "1995.??.??"]
[Round "4"]
[White "Oms Pallise, Josep"]
[Black "Contin, Daniel"]
[Result "1/2-1/2"]
[WhiteElo "2350"]
[BlackElo "2390"]

1.Nf3 c5 2.c4 Nf6 3.Nc3 g6 4.e4 Nc6 5.d4 cxd4 6.Nxd4 Bg7 7.Be3 O-O 8.Be2 d6
9.O-O Nxd4 10.Bxd4 Be6 11.f4 Qc8 12.b3 Re8 13.Kh1 Bd7 14.Nd5 e5 15.Nxf6+ Bxf6
16.Bb2 Qc5 17.Qd2 Rad8 18.Rac1 Bc6 19.Bd3 a6 20.b4 Qa7 21.b5 Bd7 22.Bc3 axb5
23.cxb5 Qa4 24.Ba5 Rc8 25.Bc7 Bxb5 26.Bxb5 Qxb5 27.Qxd6 Bd8 28.Bxd8 Rcxd8
29.Qf6 exf4 30.Qxf4 Rd7 31.Rf2 Qd3 32.e5 Qd5 33.Re2 Rde7 34.Rce1 Re6 35.h3 f6
36.Rd2 fxe5 37.Rxd5 exf4 38.Rxe6 Rxe6 39.Rd7 Re1+ 40.Kh2 Re2 41.Kg1 Rb2 42.a4 h6
43.Kf1 g5 44.Kg1 Kf8 45.Rh7 Rb6 46.Kf2 Ke8 47.a5 Rb5  1/2-1/2

[Event "Ano Liosia op"]
[Site "Ano Liosia"]
[Date "1995.??.??"]
[Round "5"]
[White "Skembris, Spyridon"]
[Black "Agnos, Demetrios"]
[Result "1/2-1/2"]
[WhiteElo "2525"]
[BlackElo "2445"]

1.c4 Nf6 2.Nc3 c5 3.Nf3 e6 4.g3 b6 5.Bg2 Bb7 6.O-O a6 7.d4 cxd4 8.Qxd4 d6
9.b3 Nbd7 10.Rd1 Be7 11.Ba3 Nc5 12.Nd2 Bxg2 13.Kxg2 Qc8 14.f3 Qb7 15.b4 e5
16.Qe3 Ne6 17.Nde4 Nxe4 18.Nxe4 O-O 19.Nxd6 Bxd6 20.Rxd6 Nd4 21.Bb2 Nf5 22.Qxe5 Rae8
23.Qxf5 Rxe2+ 24.Kg1 Rxb2 25.a3 a5 26.bxa5 bxa5 27.Rad1 Qb3 28.Qd3 Qa2 29.Rd2  1/2-1/2

[Event "Ano Liosia op"]
[Site "Ano Liosia"]
[Date "1995.??.??"]
[Round "9"]
[White "Skembris, Spyridon"]
[Black "Georgiev, Krum"]
[Result "1/2-1/2"]
[WhiteElo "2525"]
[BlackElo "2445"]

1.c4 Nf6 2.Nc3 c5 3.Nf3 g6 4.g3 Bg7 5.Bg2 O-O 6.O-O Nc6 7.d4 d6 8.dxc5 dxc5
9.Be3 Be6 10.Bxc5 Qa5 11.Be3 Bxc4 12.Nd4 Ne5 13.Bxb7 Rad8  1/2-1/2

[Event "Antwerp op"]
[Site "Antwerp"]
[Date "1995.??.??"]
[Round "3"]
[White "Jolles, Hajo"]
[Black "Akesson, Ralf"]
[Result "0-1"]
[WhiteElo "2265"]
[BlackElo "2465"]

1.c4 c5 2.Nf3 Nf6 3.Nc3 e6 4.d4 cxd4 5.Nxd4 a6 6.g3 Qc7 7.Qd3 b6 8.Bg2 Bb7
9.e4 d6 10.b3 Nbd7 11.Bb2 Be7 12.O-O O-O 13.Kh1 Rfe8 14.f4 Rac8 15.Rae1 Qb8
16.Qe2 Qa8 17.g4 g6 18.g5 Nh5 19.Qg4 Bf8 20.f5 Ne5 21.Qh3 Rcd8 22.fxe6 fxe6
23.Nde2 Bg7 24.Nf4 Nxf4 25.Rxf4 b5 26.Rh4 bxc4 27.Rxh7 Rd7 28.bxc4 Qd8 29.Qh4 Nd3
30.Re3 Qb6 31.Rxd3 Qxb2  0-1

[Event "Antwerp op"]
[Site "Antwerp"]
[Date "1995.??.??"]
[Round "6"]
[White "Vanderwaeren, Serge"]
[Black "Claesen, Pieter"]
[Result "1/2-1/2"]
[WhiteElo "2280"]
[BlackElo "2390"]

1.c4 Nf6 2.Nc3 c5 3.Nf3 d5 4.cxd5 Nxd5 5.d4 cxd4 6.Qxd4 Nxc3 7.Qxc3 Nc6 8.e4 e6
9.Bd2 f6 10.a3 Bd6 11.Bc4 O-O 12.O-O Qe7 13.Rfd1 Rd8 14.Be3 Bd7 15.Rd2 Be8  1/2-1/2

[Event "Antwerp op"]
[Site "Antwerp"]
[Date "1995.??.??"]
[Round "6"]
[White "Winants, Luc"]
[Black "Giddins, Stephen"]
[Result "1/2-1/2"]
[WhiteElo "2480"]
[BlackElo "2345"]

1.c4 Nf6 2.Nc3 c5 3.Nf3 e6 4.e3 d5 5.cxd5 exd5 6.d4 Nc6 7.Be2 cxd4 8.Nxd4 Bd6
9.O-O O-O 10.b3 Re8 11.Bb2 Nxd4 12.Qxd4 Be5 13.Qd2 d4 14.exd4 Qxd4 15.Qxd4 Bxd4
16.Bf3 Rb8 17.Rfd1 Be5 18.Na4 Bxb2 19.Nxb2 Bg4 20.Bxg4 Nxg4 21.Nc4 Re2 22.Re1 Rbe8
23.Rxe2 Rxe2 24.h3  1/2-1/2

[Event "Arhus Sommer"]
[Site "Arhus"]
[Date "1995.??.??"]
[Round "6"]
[White "Jakobsen, Peter"]
[Black "Christensen, Jan"]
[Result "1/2-1/2"]
[WhiteElo "2250"]
[BlackElo "2240"]

1.Nf3 Nf6 2.c4 c5 3.Nc3 e6 4.g3 b6 5.Bg2 Bb7 6.O-O a6 7.d4 cxd4 8.Qxd4 d6
9.Ng5 Bxg2 10.Kxg2 Be7 11.Nge4 O-O 12.Be3 Nc6 13.Qd2 Qc7 14.Rfd1 Rfd8 15.Bg5 Nxe4
16.Nxe4 Bxg5 17.Qxg5 Ne7 18.Rac1 Qb7 19.f3 h6 20.Qf4 d5 21.Nd6 Qd7 22.Qxf7+ Kh8
23.cxd5 Nxd5 24.Qxd7 Rxd7 25.Nc4 b5 26.e4 bxc4 27.exd5 Rxd5 28.Rxd5 exd5
29.b3 Rb8 30.Rc3 Rb4 31.Kf2 Kg8 32.Ke2 cxb3  1/2-1/2

[Event "Donau op"]
[Site "Aschach"]
[Date "1995.??.??"]
[Round "7"]
[White "Piven, Igor"]
[Black "Knoll, Hermann"]
[Result "1/2-1/2"]
[WhiteElo "2365"]
[BlackElo "2240"]

1.Nf3 Nf6 2.c4 c5 3.Nc3 g6 4.d4 cxd4 5.Nxd4 Nc6 6.e4 Bg7 7.Be3 Ng4 8.Qxg4 Nxd4
9.Qd1 Nc6 10.Rc1 d6 11.Be2 O-O 12.O-O Qa5 13.Qd2 Be6 14.b3 Rfc8 15.Rfd1 Rab8
16.f4 Kf8 17.Bf3 Rd8 18.Nb5 Qxd2 19.Rxd2 a6 20.Nc3 Rdc8 21.Nd5 f5 22.exf5 gxf5
23.Bb6 Bf7 24.g3 e5 25.Bc7 Rxc7 26.Nxc7 e4 27.Bg2 Bd4+ 28.Rxd4 Nxd4 29.Rd1 Ne2+
30.Kf2 Nc3 31.Rxd6 Ke7 32.Rb6 Rd8 33.Nd5+ Bxd5 34.cxd5 Rxd5 35.Rxb7+ Kd6
36.Bf1 Rd2+ 37.Ke3 Rxa2 38.Bh3 Nd5+ 39.Kd4 Rd2+ 40.Kc4 Ne3+ 41.Kc3 Rxh2 42.Rxh7 Nd5+
43.Kd4 Rd2+ 44.Kc4 Ne3+ 45.Kb4 Rc2 46.Rh6+ Kd5 47.Rxa6 Kd4 48.Kb5 Rh2 49.Rh6 Nd5
50.Rh5 e3 51.Bg4 Rxh5 52.Bxh5 Nc3+ 53.Kc6 e2 54.Bxe2 Nxe2 55.b4 Nxg3 56.b5 Ne4
57.b6 Nc5 58.Kd6 Nb7+ 59.Kc6 Na5+ 60.Kd6 Nb7+ 61.Kc6 Nc5 62.Kd6 Na6 63.Kc6 Nb8+
64.Kc7 Kc5 65.b7 Na6+ 66.Kd7 Kd5 67.Ke7 Nb8 68.Kf6 Ke4 69.Ke6 Kxf4 70.Kd6 Ke4
71.Kc7 Na6+ 72.Kb6 Nb8 73.Kc7  1/2-1/2

[Event "AUT-chT2S 9495"]
[Site "?"]
[Date "1995.??.??"]
[Round "4"]
[White "Kastner, Walter"]
[Black "Altrichter, U."]
[Result "1-0"]
[WhiteElo "2220"]
[BlackElo "2135"]

1.Nf3 c5 2.c4 Nf6 3.Nc3 e6 4.g3 b6 5.Bg2 Bb7 6.O-O d6 7.Re1 Be7 8.e4 e5 9.d4 cxd4
10.Nxd4 O-O 11.Nf5 Nbd7 12.Nxd6 Bxd6 13.Qxd6 Nc5 14.Qxd8 Rfxd8 15.Bg5 Ne6
16.Be3 Nd4 17.Bxd4 Rxd4 18.b3 Bc6 19.Rad1 Rad8 20.Nd5 Rxd1 21.Rxd1 Kf8 22.Kf1 Bxd5
23.exd5 Ke7 24.Ke2 Kd6 25.h3 a5 26.a3 Kc5 27.Kd3 b5 28.b4+ Kb6 29.c5+ Ka7
30.Kc3 a4 31.d6 Ne8 32.Bc6 Ka6 33.Bxe8 Rxe8 34.Rd5 Kb7 35.g4 f6 36.Kd3 Kc6
37.d7 Rd8 38.Rd6+ Kc7 39.Ke4 Rxd7 40.Rxd7+ Kxd7 41.Kd5 g6 42.c6+ Kc7 43.Kc5 f5
44.gxf5 gxf5 45.Kxb5 f4 46.Kc4 Kxc6 47.f3 h6 48.h4 h5 49.Kd3 Kd5 50.b5 Kc5
51.Ke4 Kxb5 52.Kd5 Kb6 53.Kxe5 Kc5 54.Kxf4 Kc4 55.Kg5 Kb3 56.f4 Kxa3 57.f5 Kb3
58.f6 a3 59.f7 a2 60.f8=Q a1=Q 61.Qg8+ Kc2 62.Kxh5 Kd3 63.Kh6 Qc1+ 64.Qg5 Qc8
65.Qd5+ Ke3 66.Qe5+ Kf3 67.h5 Qf8+ 68.Qg7 Qe8 69.Qf6+ Ke2 70.Kg5 Qg8+ 71.Kf5 Qh7+
72.Qg6 Qb7 73.h6 Qd5+ 74.Kf6 Qd4+ 75.Kf7 Qd7+ 76.Kf8 Kd2 77.h7 Qd8+ 78.Kf7 Qd7+
79.Kf6 Qd8+ 80.Kf5 Qd5+ 81.Kf4 Qd4+ 82.Kg5 Qe3+ 83.Kh4 Qf4+ 84.Kh3 Qf3+ 85.Kh2 Qf4+
86.Qg3 Qh6+ 87.Qh3 Qd6+ 88.Kh1 Kc1 89.Qf1+  1-0